| 000 | 00484nam a2200193Ia 4500 | ||
|---|---|---|---|
| 005 | 20240913125652.0 | ||
| 008 | 240913s9999||||xx |||||||||||||| ||und|| | ||
| 020 | _a0-7680-0596-5 | ||
| 041 | _aENGLISH | ||
| 082 | _A621.312429 P4 | ||
| 100 | _aJulian Happian Smith Ed. | ||
| 245 | 3 | _aAn Introduction to Modern Vehicle Design | |
| 250 | _a1st | ||
| 260 |
_c2004 _bSAE Internat |
||
| 500 | _aREFERENCE | ||
| 650 |
_aVehile Design _bMechanical |
||
| 942 | _cREF | ||
| 999 |
_c246020 _d246020 |
||